| 000 | 01408nam a2200325 a 4500 | ||
|---|---|---|---|
| 001 | 51436 | ||
| 003 | BD-RjUL | ||
| 005 | 20211209075648.0 | ||
| 008 | 160831s19501940enk 000 0 eng d | ||
| 035 | _a(BD-RjUL)51556 | ||
| 040 |
_aIQU _cIQU _dm.c. _dBD-RjUL _dRCD _dRCD _beng |
||
| 041 | _aeng | ||
| 082 |
_a513.213 _bTAB 1950 |
||
| 090 |
_aQA47 _b.B862 v.9 |
||
| 099 | _aQA47.B862 v.9 | ||
| 245 | 0 | 0 |
_aTable of powers : _bgiving integral powers of integers / _cinitiated by J. W. L. Glaisher ; extended by W. G. Bickley ... [et al.] on behalf of the Committee for the Calculation of Mathematical Tables. |
| 260 |
_aCambridge : _bPublished for the Royal Society at the University Press, _c1940 [Reprint 1950] |
||
| 300 |
_axii, 131 p. ; _c29 cm. |
||
| 490 | 1 | _aMathematical tables ; v. 9 | |
| 500 | _aChiefly tables. | ||
| 500 | _aAt head of title: British Association for the Advancement of Science. | ||
| 504 | _aBibliography: p. [xi]-xii. | ||
| 650 | 0 |
_aMultiplication _vTables. _9153797 |
|
| 700 | 1 |
_aGlaisher, J. W. L. _q(James Whitbread Lee), _d1848-1928. _9153798 |
|
| 700 | 1 |
_aBickley, W. G. _q(William Gee) _9153856 |
|
| 710 | 2 |
_aBritish Association for the Advancement of Science. _bCommittee for the Calculation of Mathematical Tables. _9153799 |
|
| 830 | 0 |
_aMathematical tables (British Association for the Advancement of Science) ; _vv. 9. _9153800 |
|
| 942 |
_2ddc _cBK |
||
| 949 | _aMYGS | ||
| 999 |
_c51436 _d51436 |
||